<?xml version="1.0" encoding="UTF-8"?>
<collection xmlns="http://www.loc.gov/MARC21/slim">
 <record>
  <leader>01599aam a22003618a 4500</leader>
  <controlfield tag="001">000016606</controlfield>
  <controlfield tag="003">13009</controlfield>
  <controlfield tag="005">20121126091109.0</controlfield>
  <controlfield tag="008">121123s2011                        viesd</controlfield>
  <datafield tag="020" ind1=" " ind2=" ">
   <subfield code="c">32500</subfield>
   <subfield code="d">32500b</subfield>
  </datafield>
  <datafield tag="041" ind1="0" ind2=" ">
   <subfield code="a">vie</subfield>
  </datafield>
  <datafield tag="082" ind1="1" ind2="4">
   <subfield code="2">14</subfield>
   <subfield code="a">808.06607</subfield>
   <subfield code="b">DƯ-S</subfield>
  </datafield>
  <datafield tag="100" ind1="1" ind2=" ">
   <subfield code="a">Dương Xuân Sơn</subfield>
  </datafield>
  <datafield tag="245" ind1="1" ind2="0">
   <subfield code="a">Các thể loại báo chí chính luận nghệ thuật</subfield>
   <subfield code="c">Dương Xuân Sơn</subfield>
  </datafield>
  <datafield tag="250" ind1=" " ind2=" ">
   <subfield code="a">In lần thứ 3</subfield>
  </datafield>
  <datafield tag="260" ind1=" " ind2=" ">
   <subfield code="a">H.</subfield>
   <subfield code="b">Đại học Quốc gia Hà Nội</subfield>
   <subfield code="c">2011</subfield>
  </datafield>
  <datafield tag="300" ind1=" " ind2=" ">
   <subfield code="a">230 tr.</subfield>
   <subfield code="c">21 cm.</subfield>
  </datafield>
  <datafield tag="500" ind1=" " ind2=" ">
   <subfield code="a">ĐTTS ghi: Đại học Quốc gia Hà Nội. Trường đại học Khoa học Xã hội và Nhân văn</subfield>
  </datafield>
  <datafield tag="504" ind1=" " ind2=" ">
   <subfield code="a">Thư mục: tr. 225-229</subfield>
  </datafield>
  <datafield tag="520" ind1=" " ind2=" ">
   <subfield code="a">Lí luận chung về thể loại và thể loại báo chí. Một số vấn đề về thể kí trong báo chí và văn học. Giới thiệu các thể loại đang giữ vị trí chủ yếu trong báo hiện nay như: phóng sự, kí chân dung, kí chính luận, ghi nhanh, chuyện báo chí, tiểu phẩm</subfield>
  </datafield>
  <datafield tag="650" ind1=" " ind2="7">
   <subfield code="2">Bộ TK TVQG</subfield>
   <subfield code="a">Báo chí</subfield>
  </datafield>
  <datafield tag="650" ind1=" " ind2="7">
   <subfield code="2">Bộ TK TVQG</subfield>
   <subfield code="a">Chính luận</subfield>
  </datafield>
  <datafield tag="650" ind1=" " ind2="7">
   <subfield code="2">Bộ TK TVQG</subfield>
   <subfield code="a">Thể loại</subfield>
  </datafield>
  <datafield tag="OWN" ind1=" " ind2=" ">
   <subfield code="a">LSP</subfield>
  </datafield>
  <datafield tag="AVA" ind1=" " ind2=" ">
   <subfield code="a">UDN50</subfield>
   <subfield code="b">LSP</subfield>
   <subfield code="d">808.06607 DƯ-S</subfield>
   <subfield code="e">check_holdings</subfield>
   <subfield code="t">Error 5003 Not defined in file expand_doc_bib_avail.</subfield>
   <subfield code="h">N</subfield>
   <subfield code="k">1</subfield>
  </datafield>
  <datafield tag="999" ind1=" " ind2=" ">
   <subfield code="a">From the UDN01</subfield>
  </datafield>
  <datafield tag="AVA" ind1=" " ind2=" ">
   <subfield code="a">UDN50</subfield>
   <subfield code="b">LSP</subfield>
   <subfield code="d">808.06607 DƯ-S</subfield>
   <subfield code="e">available</subfield>
   <subfield code="t">Error 5001 Not defined in file expand_doc_bib_avail.</subfield>
   <subfield code="f">30</subfield>
   <subfield code="g">4</subfield>
   <subfield code="h">N</subfield>
   <subfield code="i">71</subfield>
   <subfield code="k">1</subfield>
  </datafield>
  <datafield tag="TYP" ind1=" " ind2=" ">
   <subfield code="a">Monograph</subfield>
  </datafield>
  <datafield tag="TYP" ind1=" " ind2=" ">
   <subfield code="a">Printed language</subfield>
  </datafield>
  <datafield tag="980" ind1=" " ind2=" ">
   <subfield code="a">Mạng thư viện Đại học Đà Nẵng</subfield>
  </datafield>
 </record>
</collection>
